Derivación de la avenida máxima probable para el proyecto hidroeléctrico Pacuare
Salvato in:
| Autore principale: | |
|---|---|
| Natura: | Sconosciuto |
| Pubblicazione: |
[San José, Costa Rica]
1969
|
| Soggetti: | |
| Tags: |
Aggiungi Tag
Nessun Tag, puoi essere il primo ad aggiungerne!!
|
MARC
| LEADER | 00000 a2200000 4500 | ||
|---|---|---|---|
| 003 | 011305 | ||
| 005 | 20221231143814.0 | ||
| 008 | 140114s1969 cr a m 000 ||s d | ||
| 040 | |c cru CEDI | ||
| 090 | |a TFG 366 | ||
| 100 | |a Zúñiga Porras, Víctor |9 17826 | ||
| 245 | |a Derivación de la avenida máxima probable para el proyecto hidroeléctrico Pacuare | ||
| 260 | |c 1969 |a [San José, Costa Rica] | ||
| 300 | |a 86 hojas : cuadros, gráficos (algunas plegables) planos (plegables) ; 29 cm | ||
| 500 | |a Tesis (Ingeniero Civil) Universidad de Costa Rica. | ||
| 501 | |a Ed. mimeografiada. | ||
| 650 | |x INSTITUTO COSTARRICENSE DE ELECTRICIDAD.. PROYECTO HIDROELECTRICO PACUARE |9 17827 | ||
| 942 | |c TFG | ||
| 999 | |c 12261 |d 12261 | ||
